Statistiques concernant Les 20 préfectures les plus proches de Blois

Cliquez ici pour prendre le quiz!

Statistiques générales

  • Ce quiz a été pris 91 fois
  • Le résultat moyen est 15 sur 20

Statistiques - réponses

distance (en km)ville préfecture% Correct
56Orléans
100%
53Tours
100%
160Paris
96%
98Bourges
88%
89Châteauroux
88%
97Le Mans
88%
96Chartres
86%
142.26Angers
82%
135Poitiers
81%
148Versailles
77%
142.12Evry Courcouronnes
73%
145Melun
68%
156Créteil
66%
166Laval
65%
152Nevers
65%
159Nanterre
62%
132Alençon
61%
161Evreux
55%
163Guéret
52%
168Bobigny
48%

Distribution des résultats

Percentile par nombre de réponses

% des personnes avec chaque résultat

Votre développement - résultats

Vous n’avez pas pris ce quiz